From Dream to Sucess: (Record no. 214847)

MARC details
000 -LEADER
fixed length control field 00626nam a22001937a 4500
005 - DATE AND TIME OF LATEST TRANSACTION
control field 20260212142521.0
010 ## - LCCN (DPL NO)
LC control number ENG-147813
020 ## - INTERNATIONAL STANDARD BOOK NUMBER
International Standard Book Number 9789391766634
Terms of availability 495.00
035 ## - SYSTEM CONTROL NUMBER
System control number EN-131345
037 ## - SOURCE OF ACQUISITION
Source of stock number/acquisition DBAD
082 ## - DEWEY DECIMAL CLASSIFICATION NUMBER
Classification number 158.4
Edition number 1
100 ## - MAIN ENTRY--PERSONAL NAME
Personal name Sharma, Sudesh
245 ## - TITLE STATEMENT
Title From Dream to Sucess:
Remainder of title How to Choose the Right Career?/
Statement of responsibility, etc Sudesh Sharma
250 ## - EDITION STATEMENT
Edition statement 1
260 ## - PUBLICATION, DISTRIBUTION, ETC. (IMPRINT)
Place of publication, distribution, etc New Delhi
Name of publisher, distributor, etc Atharv Publications
Date of publication, distribution, etc 2025
270 ## - ADDRESS
City New Delhi
Address 110, Ist Floor, Gali No. 4, Harphool Vihar, Bapraula
Postal code 110043
Electronic mail address atharvpublications@gmail.com
300 ## - PHYSICAL DESCRIPTION
Extent 136p.
Dimensions 22cm(pb)
942 ## - ADDED ENTRY ELEMENTS (KOHA)
Source of classification or shelving scheme Dewey Decimal Classification
Item type English Books
Classification part 158.4
Call number suffix SHA
Holdings
Withdrawn status Lost status Not for loan Collection code Home library Current library Date acquired Source of acquisition Cost, normal purchase price Full call number Barcode Copy number Cost, replacement price Koha item type
      Non-fiction Mobile Library Mobile Library 12/02/2026 Delivery of Books Act Division 495.00 158.4 SHA EN-131345 1 495.00 English Books

© Delhi Public Library
Hit Counter
free hit counter